000 00908nam a22002297a 4500
999 _c18987
_d18987
003 AR-CdUCM
008 190516b ||||| |||| 00| 0 spa d
040 _aMUNICIPALIDAD PROVINCIAL DEL CUSCO
_cBIBLIOTECA MUNICIPAL DEL CUSCO
082 _a608 /
_bSC29
100 _aSchneider, Herman
_939984
245 _aEl tiempo y como se predice /
260 _aBarcelona :
_bRamon Sopena,
_c1959.
300 _a206 paginas ;
_c21 cm.
500 _aTitulo original : Everyday eather and how it works
505 _aContenido : Como lo sabe el meteorólogo -- que es lo que determina el tiempo -- El calor y el aire en el tiempo -- El agua en el tiempo -- Agua en todas las formas y tamaños...
650 _aEl tiempo
_939985
650 _aMeteorologista
_939986
650 _aEl calor y aire
_939987
700 _aM. Bioska, Francisco (Traducción)
_939988
942 _2ddc
_cLIBROS
945 _awnts
_d2019-05-16